000 00929caa a22002417a 4500
999 _c410641
_d410641
001 123523
003 UA-OsUOA
005 20191217190814.0
007 ta
008 20170622b un ||||| |||| 00| 0 ukr d
040 _aUA-OsUOA
_bukr
_cUA-OsUOA
_dUA-OsUOA
041 _aukr
080 _a908
090 _a908
_bВ54
100 _aВихованець В.
245 _aСтраждання — крізь віки й тисячоліття. Чому? (До 67-річчя Держави Ізраїль. Спроби осмислення Голокосту)
_cВ. Вихованець
300 _aС. 74–91
650 7 _a908 Краєзнавство
_2UDC
773 0 _0399319
_9416567
_dОстрог НаУОА 2015
_o148882
_tОстрозький краєзнавчий збірник
_w(UA-OsUOA) 113462
942 _cBKA
_2udc
955 _a1